<?xml version="1.0" encoding="UTF-8"?>
<record
    xmlns:xsi="http://www.w3.org/2001/XMLSchema-instance"
    xsi:schemaLocation="http://www.loc.gov/MARC21/slim http://www.loc.gov/standards/marcxml/schema/MARC21slim.xsd"
    xmlns="http://www.loc.gov/MARC21/slim">

  <leader>00509nam a2200157Ia 4500</leader>
  <controlfield tag="008">180921t2017    xxu||||| |||| 00| 0 sin d</controlfield>
  <datafield tag="041" ind1=" " ind2=" ">
    <subfield code="a">sin</subfield>
  </datafield>
  <datafield tag="100" ind1=" " ind2=" ">
    <subfield code="a">&#xDA0;&#xDD9;&#xD9A;&#xDDC;&#xDC6;&#xDCA;, &#xD87;&#xDB1;&#xDCA;&#xDA7;&#xDB1;&#xDCA;</subfield>
  </datafield>
  <datafield tag="245" ind1=" " ind2=" ">
    <subfield code="a">&#xDAF;&#xDA9;&#xDBA;&#xDB8;&#xDCA;&#xD9A;&#xDBB;&#xDD4;&#xDC0;&#xDDD;</subfield>
  </datafield>
  <datafield tag="260" ind1=" " ind2=" ">
    <subfield code="b">&#xDC3;&#xDD6;&#xDBB;&#xDD2;&#xDBA; &#xDB4;&#xDCA;&#x200D;&#xDBB;&#xD9A;&#xDCF;&#xDC1;&#xD9A;&#xDBA;&#xDDD;</subfield>
    <subfield code="a">&#xD9A;&#xDDC;&#xDC5;&#xDB9;</subfield>
    <subfield code="c">2017</subfield>
  </datafield>
  <datafield tag="300" ind1=" " ind2=" ">
    <subfield code="a">&#xDC3;&#xDD9;.&#xDB8;&#xDD2;.21, &#xDB4;&#xDD2;.341</subfield>
  </datafield>
  <datafield tag="700" ind1=" " ind2=" ">
    <subfield code="a">&#xD86;&#xDB1;&#xDB1;&#xDCA;&#xDAF; &#xD85;&#xDB8;&#xDBB;&#xDC3;&#xDD2;&#xDBB;&#xDD2;</subfield>
    <subfield code="e">&#xDB4;&#xDBB;&#xDD2;.</subfield>
  </datafield>
  <datafield tag="942" ind1=" " ind2=" ">
    <subfield code="c">BK</subfield>
  </datafield>
  <datafield tag="952" ind1=" " ind2=" ">
    <subfield code="0">0</subfield>
    <subfield code="1">0</subfield>
    <subfield code="4">0</subfield>
    <subfield code="7">0</subfield>
    <subfield code="8">TRAN</subfield>
    <subfield code="a">MAIN</subfield>
    <subfield code="b">MAIN</subfield>
    <subfield code="d">2021-08-03</subfield>
    <subfield code="o">8-31&#xDA0;&#xDD9;&#xD9A;&#xDDC;&#xDC6;&#xDCA;</subfield>
    <subfield code="p">167758</subfield>
    <subfield code="r">2023-06-01</subfield>
    <subfield code="w">2023-06-01</subfield>
    <subfield code="y">BK</subfield>
  </datafield>
  <datafield tag="999" ind1=" " ind2=" ">
    <subfield code="c">11236</subfield>
    <subfield code="d">11236</subfield>
  </datafield>
  <controlfield tag="003">LK-CoDNM</controlfield>
  <datafield tag="040" ind1=" " ind2=" ">
    <subfield code="a">LK-CoDNM</subfield>
    <subfield code="d">LK-CoDNM</subfield>
    <subfield code="e">LK-CoDNM</subfield>
  </datafield>
</record>
